Central Library OPAC University of Rajshahi

Introduction to the economic history of China / (Record no. 52867)

MARC details
000 -LEADER
fixed length control field 00659nam a2200217 a 4500
001 - CONTROL NUMBER
control field 52867
003 - CONTROL NUMBER IDENTIFIER
rucl marc code BD-RjUL
005 - DATE AND TIME OF LATEST TRANSACTION
control field 20211209075856.0
008 - FIXED-LENGTH DATA ELEMENTS--GENERAL INFORMATION
fixed length control field 160928s1954 enk b 000 0 eng
035 ## - SYSTEM CONTROL NUMBER
System control number (BD-RjUL)52987
040 ## - CATALOGING SOURCE
Original cataloging agency DLC
Transcribing agency OYU
Modifying agency OCoLC
-- Uk
-- BD-RjUL
Language of cataloging eng
041 ## - LANGUAGE CODE
Language code of text/sound track or separate title eng
082 ## - DEWEY DECIMAL CLASSIFICATION NUMBER
Classification number 330.951
Edition number 23
Author mark and year KII 1954
100 1# - MAIN ENTRY--PERSONAL NAME
Personal name Kirby, E. Stuart.
9 (RLIN) 116713
245 10 - TITLE STATEMENT
Title Introduction to the economic history of China /
Statement of responsibility, etc. E.Stuart Kirby.
260 ## - PUBLICATION, DISTRIBUTION, ETC. (IMPRINT)
Place of publication, distribution, etc. London :
Name of publisher, distributor, etc. George Allen & Unwin Ltd,
Date of publication, distribution, etc. 1954
300 ## - PHYSICAL DESCRIPTION
Pagination vii, 202 p. ;
Size 23 cm.
504 ## - BIBLIOGRAPHY, ETC. NOTE
Bibliography, etc Includes bibliographies and Index
651 #0 - SUBJECT ADDED ENTRY--GEOGRAPHIC NAME
Geographic name China
General subdivision Economic conditions.
9 (RLIN) 158080
942 ## - ADDED ENTRY ELEMENTS (KOHA)
Source of classification or shelving scheme Dewey Decimal Classification
Koha item type Books
Holdings
Lost status Source of classification or shelving scheme Damaged status Not for loan Collection code Permanent Location Current Location Shelving location Date acquired Source of acquisition Cost, normal purchase price Total Checkouts Full call number Date last seen Copy number Koha item type
  Dewey Decimal Classification     Non-fiction Central Library, University of Rajshahi Central Library, University of Rajshahi   08/06/1955 Pak American 11.00   330.951 KII 1954 28/09/2016 C-2 Books
  Dewey Decimal Classification   Not For Loan Non-fiction Central Library, University of Rajshahi Central Library, University of Rajshahi Reading Room 11/01/1956 Registrar, R. U     330.951 KII 1954 26/12/2016 C-1 Books